[Event "Arandjelovac Mix"]
[Site "Arandjelovac"]
[Date "2021.10.04"]
[Round "4"]
[White "Raahul, VS."]
[Black "Gungl, Theo"]
[Result "1/2-1/2"]
[WhiteElo "2344"]
[BlackElo "2370"]
[PlyCount "87"]
[EventDate "2021.10.02"]
[EventType "swiss"]
[EventRounds "10"]
[EventCountry "SRB"]
[SourceTitle "CBM 204 Extra"]
[Source "ChessBase"]
[SourceDate "2021.11.30"]
[SourceVersion "1"]
[SourceVersionDate "2021.11.30"]
[SourceQuality "1"]

1. b3 b6 2. e4 Bb7 3. Nc3 d6 4. Bb2 Nf6 5. Qe2 e5 6. 0-0-0 Nc6 7. Nf3 Be7 8. d4 exd4 9. Nxd4 Nxd4 10. Rxd4 Nd7 11. Nd5 0-0 12. Nxe7+ Qxe7 13. Qd2 Nc5 14. f3 Ne6 15. Rd3 Qg5 16. Qxg5 Nxg5 17. Rc3 Ne6 18. Bc4 Nc5 19. Re1 Rfe8 20. Rce3 Re7 21. g3 Rae8 22. b4 Nd7 23. Kd2 Kf8 24. Ra3 Ra8 25. Bf1 a6 26. Rc3 Rc8 27. Bh3 f6 28. f4 Ke8 29. Rce3 Rd8 30. Bf5 Kf7 31. Rc3 Nf8 32. Rce3 Rde8 33. e5 g6 34. Bd3 fxe5 35. fxe5 d5 36. c4 Ne6 37. cxd5 Bxd5 38. Bxa6 Bxa2 39. Rd3 Rd8 40. Rf1+ Kg8 41. Rxd8+ Nxd8 42. Bb5 Bd5 43. Ra1 Nc6 44. Bxc6 1/2-1/2

[Event "Arandjelovac ASK IM 1st"]
[Site "Arandjelovac"]
[Date "2021.04.03"]
[Round "1"]
[White "Ajay, Karthikeyan"]
[Black "Gungl, Theo"]
[Result "0-1"]
[WhiteElo "2315"]
[BlackElo "2332"]
[PlyCount "70"]
[EventDate "2021.04.03"]
[EventType "tourn"]
[EventRounds "9"]
[EventCountry "SRB"]
[SourceTitle "CBM 201 Extra"]
[Source "ChessBase"]
[SourceDate "2021.05.31"]
[SourceVersion "1"]
[SourceVersionDate "2021.05.31"]
[SourceQuality "1"]

1. d4 Nf6 2. c4 g6 3. Nc3 d5 4. cxd5 Nxd5 5. e4 Nxc3 6. bxc3 Bg7 7. Be3 c5 8. Nf3 Qa5 9. Qd2 Nc6 10. Rc1 cxd4 11. cxd4 Qxd2+ 12. Kxd2 0-0 13. Bb5 Rd8 14. Bxc6 bxc6 15. Rc5 Rb8 16. Kc3 Rb5 17. Rxb5 cxb5 18. Kb4 Bb7 19. d5 f5 20. exf5 gxf5 21. Bxa7 Ra8 22. Bc5 Bxd5 23. Kxb5 Rxa2 24. Re1 Rb2+ 25. Ka6 e6 26. Nd4 Kf7 27. Nf3 Ke8 28. Rc1 Kd7 29. Bb6 Ra2+ 30. Kb5 Rb2+ 31. Ka6 Bf6 32. Rc7+ Kd6 33. Rf7 Bc3 34. Bc7+ Kc6 35. Ka7 Rb7+ 0-1